000 01920nam a2200373 c 4500
003 BLK
005 20250624110005.0
008 180408b bul|||||r ||||||| ||bul||
010 _aKNG00079102000
020 _a978-954-26-0493-8
_bиздат.: Хермес
040 _aBLK
041 _aBUL
_cBUL
080 _aОснови на възпитанието (материални, теоретични, философски и др.). Педагогика
_b37.01
_x(075.8)
_z37.01(075.8)
100 1 _aРадев, Пламен
_eпърви автор
_gИванов, Пламен Радев
_9244163
700 1 _aИванов, Пламен Радев
_e*
_9371675
139 _aПедагогика
_bП 32
245 1 0 _aПедагогика
_bУнив. учебник
_cПламен Радев; * Пламен Радев Иванов.
250 _a2. доп. изд.
257 _aBGR
260 Пловдив
_bХермес
_c2007
300 _a528 с.
_bс табл., сх.
_c20 см
380 _a3
500 _aДруги авт. : Г. Цоков, П. Лазаров, К. Къндева, Р. Иванова, Зл. Касандрова, Ал. Александрова, О. Койчев, А. Блянтова, отбелязани на гърба на загл. с. ; Пълното име на П. Радев е Пламен Радев Иванов, а на А. Александрова - Албена Александрова Овчарова. - 1. изд. 2001. - Библиогр. след отд. гл.
504 _aслед отд. гл.
650 4 _aПедагогика - учебници за ВУЗ
_9244165
653 _aпедагогика
653 _aучебници за ВУЗ
852 _aЦб 236774
856 4 _qpdf
_u
856 4 _qpdf
_u
942 _cKNG
_n0
_014
944 _aCR
_c12.11.2007
_k30535
_lХристина Везирева
944 _aED
_c10.01.2008
_k
999 _c74699
_d74699